| 000 | 00350nam a22001457a 4500 | ||
|---|---|---|---|
| 003 | SGT | ||
| 020 | _a9781543342913 | ||
| 082 |
_a615.19 _bP20N |
||
| 100 | _aNAGDEV, SANJAY.A | ||
| 245 | _aA TEXT BOOK OF PHARMACEUTICAL QUALITY ASSURANCE | ||
| 260 |
_aPUNJAB _bS. VIKASH _c2020 |
||
| 300 | _a196 | ||
| 650 | _aQUALITY ASSURANCE | ||
| 942 |
_2ddc _cBK _013 |
||
| 999 |
_c23048 _d23048 |
||